Правда ли это? - Statistics

General Stats
  • This quiz has been taken 114 times
  • The average score is 7 of 15
Answer Stats
Question Answer % Correct
Человек произошёл от гориллы Нет
67%
В фильме "Матрица" (1999) нет удалённых сцен Нет, там они есть
65%
Стрижи умеют спать в полёте Да
65%
Джон Скэтмен, исполнитель известных в 90-х годах песен "I'm Scatman" и "Scatman's World", заикался Да
64%
Первым химическим элементом во вселенной был водород Да
62%
Современной физике известны частицы, способные двигаться со скоростью, выше световой Нет
59%
Рок-н-ролл и хип-хоп зародились в одном городе Нет
53%
Сожжённый Собор Парижской Богоматери восстанавливали по его же 3D-модели из игры серии Assassin's Creed Да
52%
28 панфиловцев - это миф Да
50%
Лев Толстой жил в одно время с компанией Nintendo Да
49%
У взрослого человека в крайне редких случаях могут расти молочные зубы Нет
36%
Произведения Франца Кафки не публиковали при его жизни Нет, публиковали
36%
Туркменистан не имеет выхода к морю Нет, имеет
33%
Аппендикс вырабатывает гормоны Да
27%
Израиль начал основываться как отдельное государство после Второй мировой войны Нет
18%
No matching quizzes found
Score Distribution
Percent of People with Each Score
Percentile by Number Answered
Your Score History
You have not taken this quiz